000 00412nam a22001577a 4500
005 20251108172258.0
008 250721s9999 xx 000 0 ara d
082 1 4 _aط/551.45/في
245 1 0 _aفي الصحارى /
264 1 _aبيروت :
_bدار شهرزاد،
_c[19-].
300 _a22ص؛مص
490 0 _aحياة الإنسان
650 1 7 _aالصحاري
942 _2ddc
_cBK
999 _c74985
_d74985